[Event "Gothenburg Kvibergspelen"]
[Site "Gothenburg"]
[Date "2019.05.11"]
[Round "6"]
[White "Carlsson, Ludvig"]
[Black "Krantz, Martin"]
[Result "1-0"]
[WhiteElo "2208"]
[BlackElo "1880"]
[PlyCount "113"]
[EventDate "2019.05.10"]
[EventType "swiss"]
[EventRounds "8"]
[EventCountry "SWE"]
[SourceTitle "CBM 190 Extra"]
[Source "ChessBase"]
[SourceDate "2019.07.15"]
[SourceVersion "1"]
[SourceVersionDate "2019.07.15"]
[SourceQuality "1"]

1. e4 e6 2. d3 c5 3. Nf3 Nc6 4. g3 g6 5. Bg2 Bg7 6. 0-0 Nge7 7. c3 e5 8. a3 d6 9. b4 0-0 10. b5 Nb8 11. a4 h6 12. d4 Bg4 13. dxc5 dxc5 14. Qxd8 Rxd8 15. Ba3 b6 16. Nfd2 Be6 17. Re1 Nd7 18. Bf1 Nf8 19. Bc4 Rd7 20. Bxe6 Nxe6 21. Nc4 Rad8 22. Bc1 Nc7 23. Be3 f5 24. f3 Rd3 25. Kf2 g5 26. g4 fxe4 27. fxe4 Ng6 28. Nb2 R3d7 29. Na3 Nf4 30. Rad1 Nh3+ 31. Kg3 Nf4 32. Kf2 Nh3+ 33. Kg3 Nf4 34. Rxd7 Rxd7 35. Rd1 Rxd1 36. Nxd1 Kf7 37. Kf3 Ke6 38. Nb2 Kd7 39. Nbc4 Nce6 40. Nc2 Kc7 41. Bf2 Nf8 42. N2e3 N8g6 43. Bg3 Kd7 44. Nf5 Bf8 45. h4 gxh4 46. Bxh4 Nd3 47. Ke3 Ndf4 48. Bg3 Ng2+ 49. Kf2 N2f4 50. Nxe5+ Nxe5 51. Bxf4 Nxg4+ 52. Kf3 h5 53. Ng3 Nf6 54. Be5 Be7 55. c4 Ng4 56. Bf4 Bd6 57. Nxh5 1-0